NELK Quiz - Statistics

General Stats
  • This quiz has been taken 288 times
  • The average score is 14 of 32
Answer Stats
Question Answer % Correct
Who has been a member of NELK the longest? Kyle Foregard
99%
Fill in the Blank: Salim the _____ Dream
68%
What is Steve Deleonardis' YouTube/Instagram name? SteveWillDoIt
68%
What muscle-bound drug dealer is featured in many of NELK's videos? Bradley Martyn
66%
Which country are the original NELK members from? Canada
66%
Who got kicked out of NELK for inappropriate conduct? 905 the Shooter (Jason Pagaduan)
62%
What is NELK's trademarked slogan? Full Send
60%
How does NELK make most of their money? Merchandise
60%
Fill in the Blank: Cousin ___ Jay
59%
What channel was Jesse Sebastiani on in the past? MTV
57%
What is NELK's favorite drinking game? Beer Pong
53%
What is NELK's most-viewed prank? The Coke Prank
53%
What is Jesse's father's first name? Pat
52%
What instrument does NELK use to disrupt golfers? Airhorn
46%
Who left NELK to become a plummer? Lucas Gasparini
46%
What does NELK do when they typically prank in the gym? Scream
42%
Which Pokemon was on some of the fake IDs NELK used to purchase alcohol? Charizard
41%
What is the first name of Steve's girlfriend? Celina
39%
What country was their destination? Russia
39%
During the Coronavirus pandemic, which video app did NELK regularly invade? Zoom
36%
Most of NELK's philanthropic efforts have been centered around what disease? Cancer
34%
What did NELK do in a black barbershop? Fart
33%
What restaurant are NELK's first two videos centered around? McDonald's
33%
What house in Los Angeles did NELK live in for awhile? The Clout House
29%
How did NELK order pizza? Naked
27%
What is the first name of NELK's chef? TJ
26%
What are Kyle's go-to fighting moves? 1-2 Mayweather / 3-4 McGregor
22%
What about Steve prevented NELK from going where they intended after they "spun the globe?" His Felony
21%
What was the name of the show he was on? Careless Teens
13%
What is NELK's favorite rap artist? 21 Savage
12%
What was the name of the mystery man Kyle was called by the lady who took NELK's camera and deleted their footage? George Hennen
12%
What fitness company sued NELK? Goodlife Fitness
9%
No matching quizzes found
Score Distribution
Percent of People with Each Score
Percentile by Number Answered
Your Score History
You have not taken this quiz